000 00559nam a2200241 a 4500
001 nice12345678
003 IN_TiNIC
005 20260116011516.0
008 050524s0000 boma grp 000 0 per
020 _a
_c100
082 0 0 _a297.4
_bTUS2
100 _aTusi, Khwaja Nizamul
245 _aWasaya
260 _aBombay
_bNo Publishers
_c0000
300 _a80p
500 _aincludes index and biblioraphy
505 2 _aIndex, 145p
650 _aSufism-Tusi
700 1 _aTusi, Khwaja Nizamul
902 _bSRS
942 _cBK
999 _c2155
_d2155